000 00653nam a2200229Ia 4500
003 OSt
005 20220926040828.0
006 a|||||r|||| 00| 0
007 ta
008 220923b |||||||| |||| 00| 0 eng d
037 _cGeneral Book
040 _aRTL
_cRTL
_beng
041 _2eng
_aeng
082 _aX:991.73.N6, K5
100 _aBowen William G. Ed.
_9320227
245 0 _aLabor and the national economy
260 _c1965
490 _aProblems of the Modern Economy
650 _aLabour Market Economics-United States
_9251123
942 _hX:991.73.N6, K5
_cGB
_2CC
999 _c665744
_d665744